[Event "SLO-chT"]
[Site "Slovenia"]
[Date "1992.??.??"]
[Round "?"]
[White "Kogoj, Boris"]
[Black "Kokosar, J."]
[Result "0-1"]
[WhiteElo "1850"]
[BlackElo "2150"]
[PlyCount "102"]
[EventDate "1992.??.??"]
[EventType "team"]
[EventRounds "4"]
[EventCountry "SLO"]
[SourceTitle "EXT 1999"]
[Source "ChessBase"]
[SourceDate "1998.11.16"]
[SourceVersion "1"]
[SourceVersionDate "1998.11.16"]
[SourceQuality "1"]

1. e4 Nf6 2. Nc3 d5 3. exd5 Nxd5 4. Nxd5 Qxd5 5. d4 Bf5 6. Nf3 e6 7. Be2 Be7 8. 0-0 0-0 9. Bf4 c5 10. c4 Qe4 11. Be3 Nd7 12. Nd2 Qc6 13. Bf3 Qc7 14. b3 Bf6 15. Ne4 Bxd4 16. Bxd4 cxd4 17. Qxd4 Ne5 18. Qc3 Nxf3+ 19. Qxf3 Qc6 20. Nd2 Qxf3 21. Nxf3 Rfd8 22. Rfd1 Bg4 23. Rxd8+ Rxd8 24. Ne5 Rd1+ 25. Rxd1 Bxd1 26. Kf1 Kf8 27. Ke1 Bc2 28. Kd2 Bb1 29. a3 f6 30. Nd7+ Ke7 31. Nc5 b6 32. Na4 Be4 33. f3 Bc6 34. Nc3 Kd6 35. Kd3 e5 36. b4 f5 37. Nb5+ Bxb5 38. cxb5 Kd5 39. h4 e4+ 40. fxe4+ fxe4+ 41. Ke3 h5 42. g3 Ke5 43. a4 Kd5 44. a5 Ke5 45. a6 Kd5 46. Ke2 Kd4 47. Kd2 e3+ 48. Ke2 Ke4 49. Ke1 Kf3 50. Kf1 e2+ 51. Ke1 Ke3 0-1

[Event "SLO-chT"]
[Site "Slovenia"]
[Date "1992.??.??"]
[Round "?"]
[White "Kokosar, J."]
[Black "Semrl, Marjan"]
[Result "1/2-1/2"]
[WhiteElo "2150"]
[BlackElo "2150"]
[PlyCount "41"]
[EventDate "1992.??.??"]
[EventType "team"]
[EventRounds "4"]
[EventCountry "SLO"]
[SourceTitle "EXT 1999"]
[Source "ChessBase"]
[SourceDate "1998.11.16"]
[SourceVersion "1"]
[SourceVersionDate "1998.11.16"]
[SourceQuality "1"]

1. d4 d5 2. c4 Bf5 3. cxd5 Bxb1 4. Qa4+ Qd7 5. Qxd7+ Nxd7 6. Rxb1 Ngf6 7. e3 Nxd5 8. Nf3 N7f6 9. Bc4 e6 10. 0-0 Be7 11. Ne5 0-0 12. Rd1 Rfd8 13. Bd2 Nd7 14. Nxd7 Rxd7 15. b4 Rad8 16. b5 e5 17. Bxd5 Rxd5 18. Bc3 exd4 19. Rxd4 Bc5 20. Rxd5 Rxd5 21. Kf1 1/2-1/2